header

Secondary education in Ethiopia (Record no. 53840)

MARC details
000 -LEADER
fixed length control field 01371nam a2200337Ia 4500
082 04 - DEWEY DECIMAL CLASSIFICATION NUMBER
Classification number 373.63
100 1# - MAIN ENTRY--AUTHOR NAME
Personal name Joshi, R. D.
245 10 - TITLE STATEMENT
Title Secondary education in Ethiopia
260 ## - PUBLICATION, DISTRIBUTION, ETC. (IMPRINT)
Place of publication Washington, DC :
Name of publisher International Bank for Reconstruction and Development / The World Bank,
Year of publication 2012.
300 ## - PHYSICAL DESCRIPTION
Number of Pages xxxii, 226 p. :
Other physical details ill.
500 ## - GENERAL NOTE
General note "A World Bank Study".
650 #0 - SUBJECT ADDED ENTRY--TOPICAL TERM
Topical Term Education, Secondary
Topical Term Education
700 1# - ADDED ENTRY--PERSONAL NAME
Personal name Verspoor, Adriaan,
856 40 - ELECTRONIC LOCATION AND ACCESS
Uniform Resource Identifier http://site.ebrary.com/lib/rucke/Doc?id=10619492

No items available.

© 2026 Rongo University
Contact us: librarian | system librarian | Rongo university